000 00263nam a2200097Ia 4500
001 1207786
005 20250827022833.0
008 250824s9999 xx 000 0 und d
245 0 _aİSLAMCI GENÇLİĞİN EL KİTABI
_cKADİR MISIROĞLU
260 _bSEBİL YAYINLARI
999 _c1207786
_d1207786